<?xml version="1.0" encoding="UTF-8"?><?xml-stylesheet type="text/xsl" href="static/style.xsl"?><OAI-PMH xmlns="http://www.openarchives.org/OAI/2.0/" xmlns:xsi="http://www.w3.org/2001/XMLSchema-instance" xsi:schemaLocation="http://www.openarchives.org/OAI/2.0/ http://www.openarchives.org/OAI/2.0/OAI-PMH.xsd"><responseDate>2026-04-17T23:15:49Z</responseDate><request verb="GetRecord" identifier="oai:riubu.ubu.es:10259/10797" metadataPrefix="marc">https://riubu.ubu.es/oai/request</request><GetRecord><record><header><identifier>oai:riubu.ubu.es:10259/10797</identifier><datestamp>2025-08-20T22:01:39Z</datestamp><setSpec>com_10259_2699</setSpec><setSpec>col_10259_2705</setSpec></header><metadata><record xmlns="http://www.loc.gov/MARC21/slim" xmlns:doc="http://www.lyncode.com/xoai" xmlns:xsi="http://www.w3.org/2001/XMLSchema-instance" xmlns:dcterms="http://purl.org/dc/terms/" xsi:schemaLocation="http://www.loc.gov/MARC21/slim http://www.loc.gov/standards/marcxml/schema/MARC21slim.xsd">
<leader>00925njm 22002777a 4500</leader>
<datafield tag="042" ind1=" " ind2=" ">
<subfield code="a">dc</subfield>
</datafield>
<datafield tag="720" ind1=" " ind2=" ">
<subfield code="a">Salazar Fernández, Azahara</subfield>
<subfield code="e">author</subfield>
</datafield>
<datafield tag="260" ind1=" " ind2=" ">
<subfield code="c">2025</subfield>
</datafield>
<datafield tag="520" ind1=" " ind2=" ">
<subfield code="a">Esta tesis analiza el desarrollo y la maduración de los huesos de la cintura escapular y el&#xd;
miembro superior en humanos modernos y homininos fósiles del yacimiento de la Sima&#xd;
de los Huesos (Atapuerca), donde el 60% de los restos postcraneales corresponden a&#xd;
individuos no adultos. Los objetivos son desarrollar nuevos métodos de estimación de&#xd;
edad basados en la morfología de los huesos largos y establecer los patrones de&#xd;
maduración en homininos del Pleistoceno medio. La falta de asociación entre restos&#xd;
postcraneales y craneodentales, junto con las diferencias en proporciones corporales&#xd;
respecto a Homo sapiens, plantea desafíos metodológicos. Utilizando morfometría&#xd;
geométrica 3D, se evaluarán los cambios en forma y tamaño de estructuras anatómicas&#xd;
como la clavícula, escápula, metáfisis proximal y distal del húmero, radio, cúbito, fosa&#xd;
olecraniana, muesca troclear y carpos (lunar, escafoides, capitado). Esto permitirá&#xd;
desarrollar indicadores de madurez fiables, estimar con precisión la edad de los&#xd;
subadultos fósiles, comparar sus trayectorias de desarrollo con las de humanos modernos&#xd;
y aportar conocimientos sobre su paleobiología, incluyendo aspectos relacionados con el&#xd;
tamaño y la forma corporal.</subfield>
</datafield>
<datafield tag="024" ind2=" " ind1="8">
<subfield code="a">https://hdl.handle.net/10259/10797</subfield>
</datafield>
<datafield tag="024" ind2=" " ind1="8">
<subfield code="a">10.36443/10259/10797</subfield>
</datafield>
<datafield ind1=" " ind2=" " tag="653">
<subfield code="a">Desarrollo</subfield>
</datafield>
<datafield ind1=" " ind2=" " tag="653">
<subfield code="a">Técnicas 3D</subfield>
</datafield>
<datafield ind1=" " ind2=" " tag="653">
<subfield code="a">Miembro superior</subfield>
</datafield>
<datafield ind1=" " ind2=" " tag="653">
<subfield code="a">Postcraneal</subfield>
</datafield>
<datafield ind1=" " ind2=" " tag="653">
<subfield code="a">Homininos fósiles</subfield>
</datafield>
<datafield tag="245" ind1="0" ind2="0">
<subfield code="a">Study of the Growth and Maturation Patterns of the Shoulder Girdle and Upper Limb Bones in Modern Humans. Implications for Forensic Anthropology and the Study of Pleistocene Hominins from the Sima de los Huesos (Sierra de Atapuerca, Burgos)</subfield>
</datafield>
</record></metadata></record></GetRecord></OAI-PMH>